| 000 | 00492nam a2200181Ia 4500 | ||
|---|---|---|---|
| 999 |
_c9889 _d9889 |
||
| 008 | 200103s ? ||||xx |||||||||||||| ||und|| | ||
| 082 |
_a621.31 _bKOS |
||
| 100 | _aKostenko, M. | ||
| 245 | 0 | _aElectrical machines | |
| 260 |
_bPeace Publishers _aMoscow _c? |
||
| 300 | _a682 p.: ill. | ||
| 504 | _aIncludes index | ||
| 650 | _aA.C. machine | ||
| 650 | _aInduction machines | ||
| 650 | _aAlternative-current commutator machines | ||
| 700 |
_aPiotrovsky, L. _eCo-author |
||
| 942 | _cBK | ||